Arquetipos e inconsciente colectivo.

Đã lưu trong:
Chi tiết về thư mục
Tác giả chính: Jung, Carl Gustav (autor)
Định dạng: Sách
Được phát hành: Barcelona, España: Paidós, 1994.
Loạt:Biblioteca de Psicología Profunda
Những chủ đề:
Các nhãn: Thêm thẻ
Không có thẻ, Là người đầu tiên thẻ bản ghi này!

MARC

LEADER 00000nam a2200000 a 4500
001 UCT8377
003 CL-VaPUC
005 20230818105647.0
008 230818t1994 ||||| |||| 00| 0 eng d
999 |c 256882  |d 256880 
040 |c Pontificia Universidad Católica de Valparaíso 
082 0 4 |a 150  |b JUN  |2 21 
100 |a Jung, Carl Gustav  |e autor  |9 311444 
245 1 0 |a Arquetipos e inconsciente colectivo. 
260 |a Barcelona, España:  |b Paidós,  |c 1994. 
300 |a 182 páginas. 
490 0 |a Biblioteca de Psicología Profunda 
583 |a last modification  |c 19970326 00:00:00  |k Rodrigo Vera 
650 0 |a Psicología   |9 257863 
650 0 |a Instinto  |9 265225 
650 0 |a Inconciente  |9 380085 
650 0 |a Voluntad  |9 307812 
650 0 |a Conciencia  |9 309452 
650 0 |a Conducta  |9 269782 
942 |c BK  |2 ddc 
945 |d 19970326 00:00:00  |a nastorga